00998 2200301 4500001002100000005001500021035002500036007000300061008004100064020002200105040001700127082001200144084001400156100002800170245015000198250002600348260003300374300004300407500001100450500005200461504003300513650004000546700002800586700003600614850001200650041001300662990002100675INLIS00000000002554420190722092433 a0010-021700000000358ta170213s20122014jbia g ind d a978-979-1305-45-7 aYOPDYOGbind04223a341 a341 Men P1 aMenski, Wernerepenulis10aPerbandingan hukum dalam konteks global :bsistem Eropa, Asia dan Afrika /cWerner Menski; penerjemah, M. Khozim; penyunting, Nurainun Mangunsong aCetakan IV: Juli 201631aBandung :bNusa Media,c2016 axvi, 888 halaman :bilustrasi ;c24 cm aIndeks aJudul asli: Comparative law in a global context aBibliografi: halaman 823-868 4ahukum Internasional--xPerbandingan1 aKhozim,epenerjemahqM.0 aNurainun Mangunsongepenyunting aYOPDYOG1 aindheng a1680-RBM/PD.A.17